La Gestió cultural als petits municipis : documentació : seminari 195 documentació :
Publicado:
Barcelona :
CERC, Centre d'Estudis i Recursos Culturals. Formació i Reciclatge : Diputació de Barcelona. Servei de Cultura ,
1995
Descripción Física:
122 p. en una carpeta : taules ; 29 cm + 1 dossier
Materias:
Gestió cultural -- Congressos
MARC
| LEADER | 00000nam a2200000Ia 4500 | ||
|---|---|---|---|
| 001 | 23600 | ||
| 008 | 160829s1995 xx 000 0 cat d | ||
| 080 | |a M-6-441 | ||
| 245 | |a La Gestió cultural als petits municipis : |b documentació : |b seminari 195 | ||
| 260 | |a Barcelona : |b CERC, Centre d'Estudis i Recursos Culturals. Formació i Reciclatge : |b Diputació de Barcelona. Servei de Cultura, |c 1995 | ||
| 300 | |a 122 p. en una carpeta : |b taules ; |c 29 cm + 1 dossier | ||
| 590 | |a Celebrat el dia 21 d'octubre de 1995. | ||
| 590 | |a Títol del dossier: La Gestió cultural als petits municipis (àmbits de la gestió cultural), Sant Esteve Sesrovires (Baix Llobregat). | ||
| 590 | |a Inclou un recull de premsa | ||
| 650 | |a Gestió cultural |x Congressos |9 27478 | ||
| 710 | 1 | |a Barcelona (Catalunya : Província). |b Centre d'Estudis i Recursos Culturals |9 52487 | |
| 710 | 1 | |a Barcelona (Catalunya : Província). |b Servei de Cultura |9 54401 | |
| 901 | |a Arxiu | ||
| 942 | |n 1 | ||
| 952 | |0 0 |1 0 |4 0 |6 M6441 |7 1 |9 55029 |a Arxiu |b Arxiu |d 2012-08-21 |l 0 |o M-6-441 |p 23600 |r 2016-12-01 00:00:00 |w 2016-12-01 |y ARXIU | ||
| 999 | |c 58899 |d 58899 | ||